| 000 | 00548nam a2200217 a 4500 | ||
|---|---|---|---|
| 999 |
_c6439 _d6439 |
||
| 001 | 6439 | ||
| 003 | BD-JhCC | ||
| 005 | 20180123114726.0 | ||
| 008 | 180123s19701980bg a|||| || | 000 0 eng d | ||
| 035 | _a(BD-JhCC)6439 | ||
| 040 |
_aBD-JhCC _dBD-JhCC |
||
| 041 | _aeng | ||
| 082 |
_a297.65 _bHAS 1980 |
||
| 100 | _aHasan, S. M. | ||
| 245 |
_aThe Adina Masjid At Hazrat Pandua / _cS. M. Hasan, |
||
| 260 |
_aDacca : _bIslamic Foundation Bangladesh, _c1980 |
||
| 300 |
_a68 p. : _c22 cm. |
||
| 650 | _aMosque | ||
| 942 |
_2ddc _cBK |
||